000 00384 a2200121 4500
001 ART_52703
005 20260410161609.0
008 260409a
245 1 0 _aTratamiento contable-práctico del impuesto diferido
100 1 _aOubiña, Gabriel H.
700 1 _aFaccendini, Yanina C.
773 0 _tProfesional & Empresaria
_g- Año XXII, N° 262 (jul. 2021)
_wREV70
999 _c10422
_d10422